000 00690nam a2200241Ia 4500
003 OSt
005 20220918201244.0
006 a|||||r|||| 00| 0
007 ta
008 220917b |||||||| |||| 00| 0 eng d
024 _a92,686
037 _cTextual
040 _aARTS
_cARTS
_beng
041 _2eng
_aeng
082 _aV1:2.N7, L0
100 _aPatel Satyavrata
_955079
245 0 _aWorld constitutional law and practice Major constitutions and goverments
260 _aDelhi
_bVikas India
_c1970
300 _axi, 495p.
_ccm.
650 _aCONSTITUTIONS; HISTORY
_997750
942 _hV1:2.N7, L0
_cTEXL
_2CC
999 _c216337
_d216337